Military Engineer services handbook. Volume 2. Buildings and general. Part 2: architecture and design (Record no. 86138)

MARC details
000 -LEADER
fixed length control field 00475cam a2200169 4500
001 - CONTROL NUMBER
control field D7106
008 - FIXED-LENGTH DATA ELEMENTS--GENERAL INFORMATION
fixed length control field 090401t1925 xxu||||| |||| 00| 0 eng d
035 ## - SYSTEM CONTROL NUMBER
System control number (Sirsi) u5194
041 ## - LANGUAGE CODE
Language code of text/sound track or separate title eng
050 ## - LIBRARY OF CONGRESS CALL NUMBER
Classification number 720
245 ## - TITLE STATEMENT
Title Military Engineer services handbook. Volume 2. Buildings and general. Part 2: architecture and design
260 ## - PUBLICATION, DISTRIBUTION, ETC.
Place of publication, distribution, etc. Calcutta
Name of publisher, distributor, etc. Government of India Central Publication
Date of publication, distribution, etc. 1925
300 ## - PHYSICAL DESCRIPTION
Extent 88p. 34cm
350 ## - PRICE (NR) (BK AM CF MU VM SE) [OBSOLETE]
Price 0
942 ## - ADDED ENTRY ELEMENTS (KOHA)
Suppress in OPAC 0
948 ## - LOCAL PROCESSING INFORMATION (OCLC); SERIES PART DESIGNATOR (RLIN)
c (OCLC) 04/03/1997
Holdings
Withdrawn status Lost status Source of classification or shelving scheme Damaged status Not for loan Home library Current library Shelving location Date acquired Total Checkouts Full call number Barcode Date last seen Copy number Price effective from Koha item type
    Dewey Decimal Classification     London London Basement 14/09/1999   SHELF 309 30008299 06/08/2019 1 06/08/2019 Book